Wordt geladen...
Historiography /
| Hoofdauteur: | |
|---|---|
| Formaat: | Printed Book |
| Taal: | English |
| Gepubliceerd in: |
Madurai :
Koodal Pub.,
1973.
|
| LEADER | 00447nam a2200133Ia 4500 | ||
|---|---|---|---|
| 008 | 150624b xxu||||| |||| 00| 0 eng d | ||
| 082 | |a 907.2 | ||
| 100 | |a Subrahmanian, Nainar | ||
| 245 | |a Historiography / |c Nainar Subrahmanian | ||
| 260 | |a Madurai : |b Koodal Pub., |c 1973. | ||
| 300 | |a 506 p. | ||
| 942 | |c BK | ||
| 999 | |c 11899 |d 11899 | ||
| 952 | |0 1 |1 0 |4 0 |6 907_200000000000000_SUB_H |7 0 |9 11898 |a UL |b UL |c ST1 |d 1998-09-24 |l 0 |o 907.2 SUB/H |p 17912 |r 2012-10-27 |w 2012-10-27 |y BK | ||